| 000 | 01092nam a22002057a 4500 | ||
|---|---|---|---|
| 999 |
_c61590 _d61590 |
||
| 005 | 20240326144432.0 | ||
| 008 | 240326c2011 ge ||||| |||| 00| 0 geo d | ||
| 022 | _a1512-4207 | ||
| 041 | _ageo | ||
| 245 |
_aიბერია-კოლხეთი = Iberia-Colchis : _b2011 / _cმთ. რედაქტორი გ. გამყრელიძე; საქართველოს ეროვნული მუზეუმი. ოთარ ლორთქიფანიძის არქეოლოგიის ცენტრი. |
||
| 260 |
_aთბილისი, _c2003- |
||
| 300 | _aV. | ||
| 653 | _aიბერია | ||
| 653 | _aკოლხეთი | ||
| 653 | _aარქეოლოგია | ||
| 653 | _aპერიოდიკა | ||
| 700 |
_aგამყრელიძე, გ. _eმთ. რედაქტორი _919256 |
||
| 710 |
_aსაქართველოს ეროვნული მუზეუმი. ოთარ ლორთქიფანიძის არქეოლოგიის ცენტრი. _91941 |
||
| 942 |
_2udc _cCR |
||